Normal view
MARC view
- Internet programming
Entry Topical Term
001 - CONTROL NUMBER
- control field: 13540
003 - CONTROL NUMBER IDENTIFIER
- control field: KE-NaSUL
005 - DATE AND TIME OF LATEST TRANSACTION
- control field: 20250825141332.0
008 - FIXED-LENGTH DATA ELEMENTS
- fixed length control field: 250825|| aca||aabn | a|a d
040 ## - CATALOGING SOURCE
- Original cataloging agency: KE-NaSUL
- Transcribing agency: KE-NaSUL
150 ## - HEADING--TOPICAL TERM
- Topical term or geographic name as entry element: Internet programming
670 ## - SOURCE DATA FOUND
- Source citation: Work cat.: (KE-NaSUL)8262: Bates, C. 13539, Web programming, 2002